00449nam a2200157Ia 4500008004100000082001000041100001800051245004200069260002400111300000800135365000600143520002900149630004200178650002900220730004200249100917s9999 xx 000 0 und d b47128 aDennis Hamley aPageants Of Despair (आ. 2 री.) bAndre Deutschc1974 a175 b0 aबालविभाग aPageants Of Despair (आ. 2 री.) aबालविभाग aPageants Of Despair (आ. 2 री.)